Achieving Environmental Management Standards / A Step-by-step Guide to BS7750 (Record no. 2360)
[ view plain ]
| 000 -LEADER | |
|---|---|
| fixed length control field | 01332cam a22002174a 4500 |
| 005 - ΗΜΕΡΟΜΗΝΙΑ ΚΑΙ ΩΡΑ ΤΕΛΕΥΤΑΙΑΣ ΕΝΗΜΕΡΩΣΗΣ | |
| Πεδίο ελέγχου | 20250605164039.0 |
| 008 - FIXED-LENGTH DATA ELEMENTS--GENERAL INFORMATION | |
| Πεδίο ελέγχου σταθερού μήκους | 250528s ||||||||||||||||||||||||d |
| 035 ## - SYSTEM CONTROL NUMBER | |
| System control number | 16910 |
| 020 ## - ISBN | |
| ISBN | 273600796 |
| 040 ## - ΠΗΓΗ ΚΑΤΑΛΟΓΟΓΡΑΦΗΣΗΣ | |
| Φορέας πρωτότυπης καταλογογράφησης | MC Athens Campus Library |
| Γλώσσα καταλογογράφησης | Ελληνικά, Μοντέρνα (1453-) |
| Modifying agency | MC Athens Campus Library |
| Κανόνες περιγραφικής καταλογογράφησης | AACR2 |
| 245 1# - ΤΙΤΛΟΣ ΚΑΙ ΔΗΛΩΣΗ ΥΠΕΥΘΥΝΟΤΗΤΑΣ | |
| Τίτλος | Achieving Environmental Management Standards / A Step-by-step Guide to BS7750 |
| 250 ## - EDITION STATEMENT | |
| Edition statement | 1st |
| 260 ## - PUBLICATION, DISTRIBUTION, ETC. | |
| Name of publisher, distributor, etc. | Pitman Publishing, |
| Date of publication, distribution, etc. | 1993 |
| 300 ## - PHYSICAL DESCRIPTION | |
| Extent | 234 |
| 505 0# - FORMATTED CONTENTS NOTE | |
| Formatted contents note | Thinking about Objectives: Preparing for the Planning Phase, Planning the Implementation of the Environmental Management System, Implementing the Environmental Management System, The Implementation Workshop, Environmental Effects, The Environmental Programme, Operational Control, Management Reviews, Reviewing the Implementation of the Environmental Management System, The Final Report, Index. |
| 520 ## - SUMMARY, ETC. | |
| Summary, etc. | Thinking about Objectives: Preparing for the Planning Phase, Planning the Implementation of the Environmental Management System, Implementing the Environmental Management System, The Implementation Workshop, Environmental Effects, The Environmental Programme, Operational Control, Management Reviews, Reviewing the Implementation of the Environmental Management System, The Final Report, Index. |
| 700 1# - ΠΡΟΣΘΕΤΗ ΑΝΑΓΡΑΦΗ--ΦΥΣΙΚΟ ΠΡΟΣΩΠΟ | |
| Personal name | Gilbert Michael |
| 9 (RLIN) | 3004 |
| 942 ## - ADDED ENTRY ELEMENTS (KOHA) | |
| Koha item type | Books |
| Τύπος τεκμηρίου | Βιβλιοθήκη | Τρέχουσα τοποθεσία | Barcode | Αριθμός εισαγωγής | Ημερομηνία απόκτησης | Ταξιθετικό σύμβολο | Αριθμός αντιτύπου | Κατάσταση απόσυρσης | Κατάσταση χαμένου | Κατάσταση κατεστραμμένου | Μη δανεισμός | Σύνολο δανεισμών | Ημερομηνία τελευταίας εμφάνισης | Η τιμή ισχύει από |
|---|---|---|---|---|---|---|---|---|---|---|---|---|---|---|
| Books | MC Athens Campus Library | MC Athens Campus Library | 9780000023599 | 5566 | 05/06/2025 | 658.408 GIL | 1 | 05/06/2025 | 05/06/2025 |